000 00300nam a22001217a 4500
008 160510b xxu||||| |||| 00| 0 eng d
020 _a9790766810920
020 _a0766810925
041 _aeng
080 _a61
245 _aBasic allied health statistics and analysis:
_cGerda Koch;
942 _2udc
_cBK
999 _c2001
_d2001